000
00298nam a22001337a 4500
008
170202b xxu||||| |||| 00| 0 eng d
020
_a
0838512127
041
_a
eng
080
_2
6th
_a
61
100
_a
3
101
_a
shm
245
_a
CLINICIAN'S POCKET REFERENCE
_c
GOMELLA, L.G
942
_2
udc
_c
BK
999
_c
4281
_d
4281